រឿង រាមកេរ្តិ៍ / (Record no. 6474)
[ view plain ]
| 000 -LEADER | |
|---|---|
| fixed length control field | 02989nam a22002417a 4500 |
| 001 - CONTROL NUMBER | |
| control field | 6474 |
| 003 - CONTROL NUMBER IDENTIFIER | |
| control field | FISKH |
| 005 - DATE AND TIME OF LATEST TRANSACTION | |
| control field | 20250512151259.0 |
| 008 - FIXED-LENGTH DATA ELEMENTS--GENERAL INFORMATION | |
| fixed length control field | 250506b cb ||||| |||| 00| 0 eng d |
| 040 ## - CATALOGING SOURCE | |
| Original cataloging agency | FISKH |
| Language of cataloging | khr |
| Transcribing agency | FISKH |
| Modifying agency | FISKH |
| 050 ## - LIBRARY OF CONGRESS CALL NUMBER | |
| Classification number | PZ7 |
| 082 ## - DEWEY DECIMAL CLASSIFICATION NUMBER | |
| Classification number | 294.5922 |
| 100 ## - MAIN ENTRY--PERSONAL NAME | |
| Personal name | Savoeurn, Var |
| 245 ## - TITLE STATEMENT | |
| Title | រឿង រាមកេរ្តិ៍ / |
| Statement of responsibility, etc. | សាស្ត្រាចារ្យ អក្សរសាស្រ្ត វ៉ា សាវឿន |
| 260 ## - PUBLICATION, DISTRIBUTION, ETC. | |
| Place of publication, distribution, etc. | ភ្នំពេញ : |
| Date of publication, distribution, etc. | ១៩៩៣ . |
| 300 ## - PHYSICAL DESCRIPTION | |
| Extent | 119 pages : |
| Other physical details | illustrations ; |
| Dimensions | 21 cm . |
| 520 ## - SUMMARY, ETC. | |
| Summary, etc. | រឿងរាមកេរ្តិ៍បង្ហាញពីប្រធានបទដូចជា ការប្រយុទ្ធរវាងល្អនិងអាក្រក់ សារៈសំខាន់នៃធម៌ និងអារម្មណ៍ជ្រាលជ្រៅនៃមនុស្ស។ វាក៏បង្ហាញពីតួនាទីរបស់ទេវតានានា និងអរូបីសត្វ ដើម្បីបង្ហាញពីទំនាក់ទំនងរវាងលោកទេវ និងលោកសកល។<br/><br/>រាមកេរ្តិ៍ មិនមែនត្រឹមតែជាស្នាដៃអក្សរសាស្ត្រតែប៉ុណ្ណោះទេ ប៉ុន្តែវាជាទ្រព្យសម្បត្តិវប្បធម៌ដ៏អភិរម្យដែលត្រូវបានបន្តជំនាន់ទៅជំនាន់។ វាមានឥទ្ធិពលយ៉ាងខ្លាំងលើសិល្បៈរាំ របាំ ឯកសិល្បៈ និងសិល្បៈវិចិត្រសិល្បៈរបស់កម្ពុជា។ រឿងរាមកេរ្តិ៍នៅតែជាចិន្តាដ៏សម្បូរធាតុសាសននិងធម៌ ដែលបន្តជាដើមប្រែចិត្ត និងចងចាំសម្រាប់អ្នកស្ដាប់នាពេលបច្ចុប្បន្ននិងអនាគតទៀតផង។ |
| 520 ## - SUMMARY, ETC. | |
| Summary, etc. | The Reamker story highlights themes such as the battle between good and evil, the importance of righteousness (dharma), and the depth of human emotions. It also portrays the roles of various deities and supernatural beings, emphasizing the connection between the divine realm and the mortal world.<br/><br/>Reamker is not merely a literary work—it is a treasured cultural heritage that has been passed down through generations. It has had a profound influence on Cambodian performing arts, including classical dance, drama, and visual arts. The Reamker remains a rich source of spiritual and moral reflection, continuing to inspire and resonate with audiences today and into the future. |
| 650 ## - SUBJECT ADDED ENTRY--TOPICAL TERM | |
| Topical term or geographic name entry element | រាមកេរ្តិ៍ |
| 650 ## - SUBJECT ADDED ENTRY--TOPICAL TERM | |
| Topical term or geographic name entry element | Ream ke |
| 942 ## - ADDED ENTRY ELEMENTS (KOHA) | |
| Source of classification or shelving scheme | Dewey Decimal Classification |
| Koha item type | Khmer Books |
| Suppress in OPAC | No |
| Withdrawn status | Lost status | Source of classification or shelving scheme | Damaged status | Not for loan | Collection | Home library | Current library | Shelving location | Date acquired | Total Checkouts | Full call number | Barcode | Date last seen | Copy number | Price effective from | Koha item type |
|---|---|---|---|---|---|---|---|---|---|---|---|---|---|---|---|---|
| Dewey Decimal Classification | Khmer Language Books / សៀវភៅភាសាខ្មែរ | Footprints International School Library Network Toul Tom Poung Campus | Footprints International School Library Network Toul Tom Poung Campus | TTP Secondary Khmer Bookshelves | 05/06/2025 | SAV PZ7 709.596 | FISSE02644 | 05/06/2025 | 1 | 05/06/2025 | Khmer Books | |||||
| Dewey Decimal Classification | Khmer Language Books / សៀវភៅភាសាខ្មែរ | Footprints International School Library Network Toul Tom Poung Campus | Footprints International School Library Network Toul Tom Poung Campus | TTP Secondary Khmer Bookshelves | 05/06/2025 | SAV PZ7 709.596 | FISSE02653 | 05/06/2025 | 2 | 05/06/2025 | Khmer Books |
